Länder mit unter 1 Millionen Einwohner - Sudden Death - Statistiken

Allgemein
  • Dieses Quiz wurde 28.940 mal gespielt
  • Das Durchschnittsergebnis liegt bei 9 aus 16
Answers on the Grid
Answers color-coded by a green-red scale on the quiz's grid according to % correct below.
Andorra
Armenien
Barbados
Belize
Bhutan
Brunei
Costa Rica
Kroatien
Gabun
Island
Jamaika
Kiribati
Laos
Libyen
Liechtenstein
Litauen
Luxemburg
Namibia
Nauru
Nepal
Nordkorea
Sankt Lucia
Samoa
Seychellen
Singapur
Spanien
Suriname
Tuvalu
Uruguay
Vatikanstadt
 
Antwortstatistiken
Antwort % Korrekt
1,000 Vatikanstadt
70%
40,000 Liechtenstein
68%
82,000 Andorra
66%
10,000 Tuvalu
66%
12,000 Nauru
63%
180,000 Sankt Lucia
62%
136,000 Kiribati
60%
676,000 Luxemburg
59%
132,000 Seychellen
59%
219,000 Samoa
57%
283,000 Barbados
54%
396,000 Island
51%
465,000 Brunei
50%
420,000 Belize
42%
793,000 Bhutan
41%
636,000 Suriname
31%
Keine übereinstimmenden Quizze gefunden
Verteilung der Resultate
Anzahl Personen mit jedem Resultat
Perzentil nach korrekt beantworteten Fragen
Ihre Resultats-Entwicklung
Sie haben dieses Quiz noch nicht gespielt